Reporting child abuse and neglect : guidelines for legislation /

Bibliographic Details
Main Author: Sussman, Alan
Other Authors: Cohen, Stephen J.
Format: Book
Language:English
Published: Cambridge, Mass. : Ballinger Pub. Co., [1975]
Subjects:

MARC

Tag First Indicator Second Indicator Subfields
LEADER 00000cam a22000008i 4500
001 in00000475721
005 20151012172702.0
008 750404s1975 mau b 00010 eng
010 |a  75011798  
020 |a 0884102106 
035 |a (OCoLC)01323013 
035 |9 ACA1879AM 
040 |a DLC  |c DLC  |d TXA  |d UtOrBLW 
043 |a n-us--- 
049 |a TXAM  |c [1411779] 
050 0 0 |a KF3735.A2  |b S87 
082 0 |a 344/.73/03273 
100 1 |a Sussman, Alan. 
245 1 0 |a Reporting child abuse and neglect :  |b guidelines for legislation /  |c Alan Sussman [and] Stephan J. Cohen. 
264 1 |a Cambridge, Mass. :  |b Ballinger Pub. Co.,  |c [1975] 
300 |a xxv, 255 pages ;  |c 24 cm. 
336 |a text  |b txt  |2 rdacontent 
337 |a unmediated  |b n  |2 rdamedia 
338 |a volume  |b nc  |2 rdacarrier 
504 |a Bibliography: pages 229-255. 
650 0 |a Children  |x Legal status, laws, etc.  |z United States  |x Criminal provisions. 
700 1 |a Cohen, Stephen J. 
999 |a MARS 
999 f f |s 17e85362-0795-37b5-b842-799c42d4e9d1  |i d42f7b73-72b4-35d6-af71-44cf3922beaf  |t 0 
952 f f |p ric  |a Texas A&M University  |b Rellis Campus  |c Joint Library Facility  |d Remote Storage  |t 0  |e KF3735.A2 S87  |h Library of Congress classification  |i unmediated -- volume  |m A14803177560 
998 f f |a KF3735.A2 S87  |t 0  |l Remote Storage